| 000 | 00000nam##2200000za#4500 |
| 001 | 9.574593 |
| 003 | CaOODSP |
| 005 | 20241203113634 |
| 007 | cr ||||||||||| |
| 008 | 150406|1997||||xxc|||||o f|0| 0 eng|d |
| 040 | |aCaOODSP|beng |
| 043 | |an-cn--- |
| 086 | 1 |aEn56-119/5-1997E-IN |
| 110 | 1 |aCanada. |bEnvironment Canada. |
| 245 | 10|aResponding to global climate change in Canada's Arctic|h[electronic resource]|c[by] Barrie Maxwell. |
| 260 | |aDownsview - Ontario : |bEnvironment Canada |c[1997]. |
| 300 | |a104p.|bgraphs, maps, references, tables |
| 490 | 1 |aCanada country study|vVolume II |
| 546 | |a(Préface et résumé en français.) |
| 590 | |a12-31-Supp|b2012-07-06 |
| 720 | 1 |aMaxwell, Barrie |
| 776 | 0#|tResponding to global climate change in Canada's Arctic|w(CaOODSP)9.613940 |
| 830 | #0|aCanada country study ;|vVolume II|w(CaOODSP)9.504444 |
| 856 | 40|ahttp://publications.gc.ca|qPDF|s20.22 MB|uhttps://publications.gc.ca/collections/Collection/En56-119-5-1997E.pdf|yVolume II |